| 000 | 00528nam a2200169Ia 4500 | ||
|---|---|---|---|
| 003 | GCL | ||
| 008 | 140319s9999 xx 000 0 eng d | ||
| 040 |
_aGCL / _cGCL |
||
| 082 | 0 | 4 |
_a069.43613 _bK K |
| 100 | 1 | _aKUNSTHISTORISCHES MUSEUM WIEN: MEISTER | |
| 245 | 1 | 0 |
_aKUNSTHISTORISCHES MUSEUM WIEN: MEISTER WERKE / _cKUNSTHISTORISCHES MUSEUM WIEN: MEISTER |
| 260 |
_a[S.N] : _bKUNSTHISTORISCHES MUSEUM WIEN: MEISTER W ، _c1955 |
||
| 300 | _a280 P | ||
| 650 | 0 | 4 | _aMUSEUM - GUIDE |
| 650 | 0 | 4 | _aMUSEUM - VIENNA |
| 942 |
_2ddc _cBK |
||
| 999 |
_c12214 _d12214 |
||